• 首页
  • 本馆介绍
  • 公告通知
  • 最新文献
  • 馆藏检索
  • 电子资源
  • 读者导购
  • 参考咨询
  • 我的图书馆
  • 登录
  • 详细信息显示
  • 放入我的书架
  • 预约/预借图书
  • 作者相关作品
  • 分类相关作品
  • 丛书相关作品
  • 出版社相关作品

书目信息

  • 表格格式
  • 工作单格式
  • 卡片格式
题名:
绝望创造希望
    
 
作者: 金炳完 著 ;邢丽菊 , 陈超 译
分册:  
出版信息: 北京   人民出版社  2013.03
页数: 247页
开本: 23cm
丛书名:
单 册:
中图分类: K833.126.7=6
科图分类:
主题词: 总统--生平事迹--韩国--现代 , 总统
电子资源:
ISBN: 978-7-01-011788-1
000 00977nam0 2200313 450
001 005907024
005 20130608105323.57
010    @a978-7-01-011788-1@dCNY39.80
035    @a(A210000LPL)012004643611
100    @a20130508d2013 em y0chiy0110 ea
101 1  @achi@ckor
102    @aCN@b110000
105    @aaf z 000yb
106    @ar
200 1  @a绝望创造希望@9jue wang chuang zao xi wang@e朴槿惠的传奇人生@f(韩)金炳完著@g邢丽菊,陈超译
210    @a北京@c人民出版社@d2013.03
215    @a247页@c照片@d23cm
330    @a本书讲述了韩国女总统朴槿惠极富传奇色彩的人生。
333    @a一般读者
517 1  @a朴槿惠的传奇人生@9piao jin hui de chuan qi ren sheng
606 0  @a总统@x生平事迹@y韩国@z现代
606 0  @a总统
610 0  @a朴槿惠(1952- )
690    @aK833.126.7=6@v5
701  0 @c(韩)@a金炳完@9jin bing wan@4著
702  0 @a邢丽菊@9xing li ju@4译
702  0 @a陈超@9chen chao@4译
801  0 @aCN@b人天书店@c20130508
905    @dK833.126.7=6@e731
    
    绝望创造希望:朴槿惠的传奇人生/(韩)金炳完著/邢丽菊,陈超译.-北京:人民出版社,2013.03
    247页:照片;23cm
    使用对象:一般读者
    
    ISBN 978-7-01-011788-1:CNY39.80
    本书讲述了韩国女总统朴槿惠极富传奇色彩的人生。
●
相关链接 在E读中查询图书 在五车中查询图书 在当当中查询图书 在豆瓣中查询图书


正题名:绝望创造希望     索取号:K833.126.7=6/731         预约/预借

序号 登录号 条形码 馆藏地/架位号 状态 备注
1 0543434   205434341   第二样本阅览室/ [索取号:K833.126.7=6/731] 在馆    
2 0543435   205434350   第二借阅区/ [索取号:K833.126.7=6/731] 在馆    
3 0543436   205434369   第二借阅区/ [索取号:K833.126.7=6/731] 在馆    
4 0625872   206258725   第二借阅区/ [索取号:K833.126.7=6/731] 在馆    
5 0625873   206258734   第二借阅区/ [索取号:K833.126.7=6/731] 在馆    
唐山师范学院图书馆 欢迎您!
大连网信软件有限公司© 版权所有